Choquequirao : (Record no. 1772)

000 -CABECERA
fixed length control field 01142nam a22002537a 4500
003 - IDENTIFICADOR DEL NÚMERO DE CONTROL
control field AR-CdUCM
008 - DATOS DE LONGITUD FIJA--INFORMACIÓN GENERAL
fixed length control field 190227b ||||| |||| 00| 0 spa d
020 ## - NÚMERO INTERNACIONAL ESTÁNDAR DEL LIBRO
ISBN 9972463907
040 ## - FUENTE DE LA CATALOGACIÓN
Agencia/entidad que catalogó originalmente la obra MUNICIPALIDAD PROVINCIAL DEL CUSCO
Entidad que transcribió la catalogación BIBLIOTECA MUNICIPAL DEL CUSCO
082 ## - NÚMERO DE LA CLASIFICACIÓN DECIMAL DEWEY
No. de Clasificación 985.612 /
Notacion interna B94
100 ## - ENTRADA PRINCIPAL--NOMBRE DE PERSONA
Nombre Personal Burga, Manuel (Coordinador)
245 ## - MENCIÓN DE TÍTULO
Título Choquequirao :
Resto del título símbolo de la resistencia andina (historia, antropología y linguística) /
260 ## - PUBLICACIÓN, DISTRIBUCIÓN, ETC.
Lugar de publicación, distribución, etc. Lima :
Nombre de la editorial, distribuidor, etc. UNMSM, Fondo editorial :
-- Fondo Contravalor Perú-Francia :
-- Instituto Francés de Estudios Andinos,
Fecha de publicación, distribución, etc. 2008.
300 ## - DESCRIPCIÓN FÍSICA
Nº de Páginas Extensión 228 páginas ;
Dimensiones 28.5 cm.
505 ## - NOTA DE CONTENIDO CON FORMATO
Nota de contenido formateada Varias geografías en una región -- La resistencia de Vilcabamba: de la historia al mito -- Un nuevo símbolo nacional: olvido, encuentro, recuperación y realidad -- Anexos -- Etnias amazónicas en Vilcabamba (siglo XVI al XX) ...
700 ## - PUNTO DE ACCESO ADICIONAL--NOMBRE DE PERSONA
Nombre Personal Meza Bazán, Mario
9 (RLIN) 6507
700 ## - PUNTO DE ACCESO ADICIONAL--NOMBRE DE PERSONA
Nombre Personal Ramírez Ponce, Abdie
9 (RLIN) 6508
700 ## - PUNTO DE ACCESO ADICIONAL--NOMBRE DE PERSONA
Nombre Personal Cortez, Eunice
9 (RLIN) 6509
700 ## - PUNTO DE ACCESO ADICIONAL--NOMBRE DE PERSONA
Nombre Personal Cruz, Carlos de la
9 (RLIN) 6510
700 ## - PUNTO DE ACCESO ADICIONAL--NOMBRE DE PERSONA
Nombre Personal Amado, Donato
9 (RLIN) 6511
710 ## - PUNTO DE ACCESO ADICIONAL--NOMBRE DE ENTIDAD CORPORATIVA
Nombre corporativo (En letras Mayúsculas) IFEA
9 (RLIN) 6512
942 ## - ELEMENTOS DE PUNTO DE ACCESO ADICIONAL (KOHA)
Fuente de clasificación
Tipo de item Libros-BMC
945 ## - PROCESAMIENTO DE INFORMACIÓN LOCAL (OCLC)
Catalogador lccs
AAAA-MM-DD - Fecha de ingreso o modificacion 2019-02-27
Holdings
Estado de retiro (separado) Fuente de clasificación o esquema de estanterías Estado dañado Ubicación Sala donde se ubica Nombre de la colección Fecha de adquisición o compra Costo, precio normal en soles Signatura topográfica Código de Barras Última vez visto (Koha) Tipo de ítem (Koha)
No     Sala Humanidades Sala Humanidades Book Cart 2019-02-27 80.00 985.612 / B94 SH0000002331 2019-02-27 Libros-BMC

Powered by Koha